Rozvojová sféra vzdelávania vo väzbe na Lisabonskú stratégiu a bolonský proces
Potreba vzdelania pre pre úspešný rozvoj krajín a regiónov sveta. Rozvojová sféra vzdelávania. Bolonský proces ako jedna z ciest realizácie Lisabonskej stratégie. Lisabonský proces a Slovensko. Postavenie a úloha univerzít pri plnení Lisabonského procesu. Program TEMPUS IV pre získanie finančných pr...
Salvato in:
| Autore principale: | |
|---|---|
| Altri autori: | |
| Natura: | Capitolo di libro |
| Lingua: | slovacco |
| Soggetti: | |
| Tags: |
Nessun Tag, puoi essere il primo ad aggiungerne!!
|
MARC
| LEADER | 00000nla$a2200000$$$4500 | ||
|---|---|---|---|
| 001 | 0075884 | ||
| 005 | 20240502071904.9 | ||
| 041 | 0 | |a slo | |
| 044 | |a SK | ||
| 245 | 1 | 0 | |a Rozvojová sféra vzdelávania vo väzbe na Lisabonskú stratégiu a bolonský proces |c Vladimír Gonda, Anetta Čaplánová |
| 520 | |a Potreba vzdelania pre pre úspešný rozvoj krajín a regiónov sveta. Rozvojová sféra vzdelávania. Bolonský proces ako jedna z ciest realizácie Lisabonskej stratégie. Lisabonský proces a Slovensko. Postavenie a úloha univerzít pri plnení Lisabonského procesu. Program TEMPUS IV pre získanie finančných príspevkov pre vedu a výskum. | ||
| 610 | 2 | 0 | |a veda |
| 610 | 2 | 0 | |a výskum |
| 610 | 2 | 0 | |a inovácia |
| 610 | 2 | 0 | |a financovanie |
| 610 | 2 | 0 | |a vzdelávanie vysokoškolské |
| 610 | 2 | 0 | |a univerzity |
| 100 | 1 | |a Gonda, Vladimír | |
| 700 | 1 | |a Čaplánová, Anetta, 1967- | |